| 000 | 00539nam a2200193 a 4500 | ||
|---|---|---|---|
| 005 | 20210223124915.0 | ||
| 008 | 030429s2001 es r 000 0 spa d | ||
| 020 | _a8436813251 | ||
| 035 | _aUPN01000123821 | ||
| 049 | _aCG | ||
| 050 | 4 |
_aRJ476 E6 _bB7.4 |
|
| 100 | 1 | _aBragado Alvarez, Carmen | |
| 245 | 1 | 0 |
_aEnuresis infantil : _bun problema con solución / _cCarmen Bragado Alvarez. |
| 260 |
_aMadrid : _bPirámide, _cc2001. |
||
| 300 | _a112 p. | ||
| 440 | 0 | _aPsicología | |
| 650 | 4 |
_aENURESIS - _xPREVENCION _921528 |
|
| 905 | _aLibro | ||
| 999 |
_c96000 _d96000 |
||